[Event "European Youth Chess Championship G16"]
[Site "Prague, Top Hotel Prague"]
[Date "2016.08.19"]
[Round "2.8"]
[White "Mirza, Diana"]
[Black "Bojicic, Andjela"]
[Result "0-1"]
[WhiteElo "1925"]
[BlackElo "2110"]
[PlyCount "82"]
[EventDate "2016.08.18"]

1. e4 c5 2. Nf3 d6 3. c3 Nf6 4. Bd3 Bg4 5. Bc2 g6 6. O-O Bg7 7. h3 Bxf3 8. Qxf3
Nc6 9. d3 O-O 10. Be3 Qb6 11. Bc1 Rfd8 12. Qe2 Qa6 13. f4 Nd7 14. Nd2 b5 15.
Nf3 b4 16. Bd2 Rab8 17. Bb3 Na5 18. e5 dxe5 19. fxe5 Nxb3 20. axb3 Qb6 21. Kh1
e6 22. cxb4 cxb4 23. Be3 Qb5 24. Bxa7 Ra8 25. Bd4 Rxa1 26. Rxa1 Nb8 27. Ra8 Qb7
28. Ra7 Qd5 29. Bb6 Rc8 30. Rc7 Rxc7 31. Bxc7 Nd7 32. Qe4 Qxb3 33. Qd4 Nf8 34.
Bd6 Qd1+ 35. Kh2 b3 36. Ng5 Qc1 37. Ne4 Bh6 38. Nf6+ Kh8 39. Bxf8 Bf4+ 40. g3
Be3 41. Bg7+ Kxg7 0-1

[Event "European Youth Chess Championship G16"]
[Site "Prague, Top Hotel Prague"]
[Date "2016.08.19"]
[Round "2.9"]
[White "Protopopova, Anastasiya"]
[Black "Pasoglou, Ekaterini"]
[Result "1-0"]
[WhiteElo "2108"]
[BlackElo "1938"]
[PlyCount "61"]
[EventDate "2016.08.18"]

1. Nf3 Nf6 2. c4 e6 3. Nc3 Bb4 4. Qc2 O-O 5. a3 Bxc3 6. Qxc3 b6 7. g3 Bb7 8.
Bg2 d6 9. O-O Nbd7 10. b4 Qe7 11. d3 c5 12. Bb2 Rfc8 13. e4 cxb4 14. axb4 b5
15. Nd2 Nb6 16. Qb3 a6 17. Rac1 Qd7 18. Ba1 Bc6 19. c5 dxc5 20. bxc5 Na4 21.
Nf3 Qe7 22. Ne5 Be8 23. d4 Ra7 24. c6 h6 25. d5 Nh7 26. Rfd1 Qd6 27. Qe3 Rac7
28. Bh3 f6 29. Bxe6+ Kh8 30. Bxc8 Rxc8 31. Nf3 1-0

[Event "European Youth Chess Championship G16"]
[Site "Prague, Top Hotel Prague"]
[Date "2016.08.19"]
[Round "2.10"]
[White "Cieslak, Wiktoria"]
[Black "Antolak, Julia"]
[Result "0-1"]
[WhiteElo "1865"]
[BlackElo "2103"]
[PlyCount "72"]
[EventDate "2016.08.18"]

1. e4 c5 2. Nf3 Nc6 3. d4 cxd4 4. Nxd4 g6 5. Nc3 Bg7 6. Be3 Nf6 7. Nxc6 bxc6 8.
e5 Ng8 9. f4 f6 10. f5 fxe5 11. fxg6 d5 12. Qh5 h6 13. O-O-O Qc7 14. Bf2 Nf6
15. Qh4 Bf5 16. Qa4 O-O 17. Bd3 e4 18. Bg3 e5 19. Ba6 Rab8 20. b3 Bxg6 21. h3
Nd7 22. Qa3 Rf7 23. Rhf1 Bf8 24. Qb2 Qa5 25. Na4 Qxa6 26. Rxf7 Bxf7 27. Bxe5
Nxe5 28. Qxe5 Re8 29. Qf4 Qb7 30. g4 Qe7 31. Kb1 Bg7 32. Rf1 Bg6 33. Qe3 d4 34.
Qe2 d3 35. Qe3 Rf8 36. Re1 Rf3 0-1

[Event "European Youth Chess Championship G16"]
[Site "Prague, Top Hotel Prague"]
[Date "2016.08.19"]
[Round "2.11"]
[White "Redondo, Benavente Ana"]
[Black "Frej, Zofia"]
[Result "0-1"]
[WhiteElo "2088"]
[BlackElo "1881"]
[PlyCount "104"]
[EventDate "2016.08.18"]

1. e4 e6 2. d4 d5 3. Nd2 dxe4 4. Nxe4 Nd7 5. Bd3 Ngf6 6. Qe2 Nxe4 7. Bxe4 a6 8.
Nf3 Nf6 9. Bg5 Be7 10. Bd3 Nd5 11. Bxe7 Qxe7 12. O-O Bd7 13. c4 Nf4 14. Qe4
Nxd3 15. Qxd3 O-O 16. Rfe1 Qf6 17. Ne5 Rad8 18. Re3 Bc6 19. Rg3 Qf4 20. Rd1 Be4
21. Qe2 Bg6 22. Qe3 Qxe3 23. Rxe3 Rfe8 24. g4 f6 25. Nf3 Kf8 26. Rde1 Bf7 27.
Re4 g5 28. R4e3 Rd7 29. b4 Red8 30. a4 c6 31. a5 Kg7 32. Kg2 Rh8 33. Rb1 h5 34.
h3 h4 35. b5 cxb5 36. cxb5 Rd5 37. bxa6 bxa6 38. Ra3 Rhd8 39. Rb6 R8d6 40. Rab3
Be8 41. Rc3 Bb5 42. Rc7+ Kf8 43. Rc5 Rxc5 44. Rxd6 Rc6 45. Rd8+ Ke7 46. Rb8 Rc4
47. Rb7+ Kd8 48. Rf7 Bc6 49. Rxf6 Rc3 50. Kf1 Bxf3 51. Ke1 Rd3 52. Rf8+ Ke7 0-1

[Event "European Youth Chess Championship G16"]
[Site "Prague, Top Hotel Prague"]
[Date "2016.08.19"]
[Round "2.12"]
[White "Scarpa, Silvia"]
[Black "Radeva, Viktoria"]
[Result "0-1"]
[WhiteElo "1848"]
[BlackElo "2080"]
[PlyCount "46"]
[EventDate "2016.08.18"]

1. e4 c5 2. Nc3 e6 3. g3 d5 4. exd5 exd5 5. d4 Nc6 6. dxc5 d4 7. Ne4 Nf6 8.
Nd6+ Bxd6 9. cxd6 Qxd6 10. Bg2 O-O 11. Ne2 Bg4 12. O-O Rfe8 13. f3 Bf5 14. Nf4
Nb4 15. Rf2 Qc5 16. Nd3 Nxd3 17. cxd3 Qb4 18. Bg5 Nd5 19. Rc1 Ne3 20. Bxe3 dxe3
21. Re2 Rad8 22. Rc3 Qd4 23. Ra3 Bxd3 0-1

[Event "European Youth Chess Championship G16"]
[Site "Prague, Top Hotel Prague"]
[Date "2016.08.19"]
[Round "2.13"]
[White "Avetisyan, Mariam"]
[Black "Golub, Nikolina"]
[Result "1-0"]
[WhiteElo "2079"]
[BlackElo "1870"]
[PlyCount "71"]
[EventDate "2016.08.18"]

1. d4 d5 2. c4 e6 3. Nc3 Nf6 4. Nf3 c5 5. cxd5 cxd4 6. Qxd4 exd5 7. Bg5 Be7 8.
Rd1 Be6 9. e3 O-O 10. Bd3 h6 11. Bh4 Nc6 12. Qa4 Qb6 13. Rd2 Rac8 14. O-O Na5
15. Ne5 Nc4 16. Nxc4 dxc4 17. Bb1 Rfd8 18. Rfd1 Rxd2 19. Rxd2 g5 20. Bg3 Rc5
21. Qd1 Ra5 22. h3 Kg7 23. e4 Qc6 24. e5 Nd5 25. Qc2 Bb4 26. Qh7+ Kf8 27. Qxh6+
Ke8 28. Qxg5 Bxc3 29. bxc3 Qb6 30. Be4 f6 31. exf6 Nxc3 32. Bg6+ Bf7 33. Bxf7+
Kxf7 34. Rd7+ Ke8 35. Re7+ Kd8 36. Qg8# 1-0

[Event "European Youth Chess Championship G16"]
[Site "Prague, Top Hotel Prague"]
[Date "2016.08.19"]
[Round "2.14"]
[White "Blond Hanten, Elsa"]
[Black "Rogozenco, Teodora"]
[Result "1/2-1/2"]
[WhiteElo "1731"]
[BlackElo "2071"]
[PlyCount "84"]
[EventDate "2016.08.18"]

1. e4 c5 2. Nf3 d6 3. d4 Nf6 4. Nc3 cxd4 5. Nxd4 g6 6. Be3 Bg7 7. Be2 Nc6 8.
O-O O-O 9. f3 Qb6 10. Na4 Qb4 11. Nxc6 bxc6 12. Qd4 Qa5 13. Bd2 Qc7 14. Qf2 Be6
15. Nc3 Rab8 16. Rab1 Rb7 17. a3 Rfb8 18. Na4 Rd8 19. Qe1 Qd7 20. Ba5 Rf8 21.
Rd1 c5 22. Nxc5 Qc6 23. Nxb7 Qxb7 24. Bc3 Rc8 25. Bd3 Rc5 26. Qe3 Rh5 27. Be2
Qc8 28. Qxa7 Bh6 29. Ba6 Qd8 30. Bd2 Bxd2 31. Rxd2 Qa5 32. Qa8+ Kg7 33. Rfd1
Bc4 34. Bb7 Qc5+ 35. Rf2 Be2 36. Re1 Rxh2 37. Kxh2 Qxf2 38. Rxe2 Qxe2 39. Qa4
Qf2 40. Qb3 Qh4+ 41. Kg1 Qe1+ 42. Kh2 Qh4+ 1/2-1/2

[Event "European Youth Chess Championship G16"]
[Site "Prague, Top Hotel Prague"]
[Date "2016.08.19"]
[Round "2.15"]
[White "Olde, Margareth"]
[Black "Ambrozova, Lucie"]
[Result "1-0"]
[WhiteElo "2059"]
[BlackElo "1862"]
[PlyCount "77"]
[EventDate "2016.08.18"]

1. c4 g6 2. g3 Bg7 3. Bg2 Nf6 4. Nf3 d5 5. d4 O-O 6. O-O Nc6 7. cxd5 Nxd5 8.
Nc3 Nb6 9. e3 e5 10. d5 Na5 11. Ne1 Nac4 12. Nc2 Nd6 13. b3 a5 14. a4 f5 15.
Bb2 Nd7 16. Ba3 Rf6 17. Rc1 f4 18. exf4 exf4 19. Bxd6 Rxd6 20. Nb5 Rb6 21. Ncd4
Nf6 22. Nxc7 Rb8 23. Nde6 Bxe6 24. Nxe6 Qd6 25. Nxf4 Bh6 26. Rc4 Bxf4 27. Rxf4
Rd8 28. Re1 Nd7 29. Re6 Qa3 30. Qe1 Rxe6 31. dxe6 Re8 32. Bd5 Nb6 33. e7+ Nxd5
34. Qe6+ Kh8 35. Qe5+ Kg8 36. Qxd5+ Kh8 37. Qe5+ Kg8 38. Qe6+ Kh8 39. Qf6+ 1-0

[Event "European Youth Chess Championship G16"]
[Site "Prague, Top Hotel Prague"]
[Date "2016.08.19"]
[Round "2.16"]
[White "Nemeth, Noemi Anna"]
[Black "Cvitan, Ena"]
[Result "0-1"]
[WhiteElo "1690"]
[BlackElo "2045"]
[PlyCount "96"]
[EventDate "2016.08.18"]

1. d4 Nf6 2. c4 e6 3. Nc3 Bb4 4. f3 O-O 5. a3 Bxc3+ 6. bxc3 c5 7. d5 Qa5 8. Bd2
d6 9. e4 Nbd7 10. Be2 Nb6 11. Qb3 Bd7 12. a4 Nxa4 13. Bd1 Qc7 14. Rxa4 Bxa4 15.
Qxa4 exd5 16. cxd5 Rfb8 17. c4 a6 18. Ne2 b5 19. Qa5 Qxa5 20. Bxa5 Ra7 21. O-O
bxc4 22. Nc3 Nd7 23. f4 Rb2 24. Ba4 f6 25. g4 Nb6 26. Bc6 Re7 27. g5 Nc8 28.
Bd8 Rf7 29. gxf6 gxf6 30. Kh1 Kf8 31. Re1 Na7 32. h4 Nb5 33. e5 fxe5 34. fxe5
Rff2 35. Ne4 Rh2+ 36. Kg1 Nd4 37. Rf1+ Kg7 38. Bf6+ Kg8 39. Rf2 Rhxf2 40. Nxf2
Nf3+ 41. Kf1 Kf7 42. Ne4 dxe5 43. d6 c3 44. d7 c2 45. Bd5+ Kg6 46. h5+ Kh6 47.
Kg2 c1=Q+ 48. Nf2 Qg1+ 0-1

[Event "European Youth Chess Championship G16"]
[Site "Prague, Top Hotel Prague"]
[Date "2016.08.19"]
[Round "2.17"]
[White "Tishova, Svetlana"]
[Black "Ayazmali, Gizem"]
[Result "1/2-1/2"]
[WhiteElo "2012"]
[BlackElo "1816"]
[PlyCount "141"]
[EventDate "2016.08.18"]

1. e4 c5 2. Nf3 d6 3. Bb5+ Bd7 4. Bxd7+ Qxd7 5. O-O Nc6 6. c3 Nf6 7. Qe2 e6 8.
d4 cxd4 9. cxd4 d5 10. e5 Ne4 11. Be3 Be7 12. Ne1 f6 13. f3 Ng5 14. Nd3 b6 15.
Nd2 O-O 16. Bf2 fxe5 17. dxe5 Rac8 18. f4 Nf7 19. a3 Na5 20. Rac1 Nh6 21. h3
Nc4 22. Nf3 Na5 23. g4 Nb3 24. Rxc8 Rxc8 25. Kh2 Nf7 26. Nd4 Nxd4 27. Bxd4 Qa4
28. Qe3 Rc4 29. b4 Rc2+ 30. Rf2 Bh4 31. Rxc2 Qxc2+ 32. Nf2 Nd8 33. b5 Bxf2 34.
Qxf2 Qxf2+ 35. Bxf2 Nb7 36. Kg2 Na5 37. Kf3 Nc4 38. a4 Nd2+ 39. Ke2 Nc4 40. Bd4
Kf7 41. f5 Ke7 42. Kf3 Kf7 43. h4 Na5 44. Bc3 Nc4 45. Kf4 Na3 46. h5 Nc4 47.
Bd4 Na5 48. Kg5 Nb3 49. Bf2 Nd2 50. Kf4 Nc4 51. Bg1 Na5 52. Bd4 Nc4 53. Bc3 Na3
54. Kg5 h6+ 55. Kf4 Nc4 $11 56. g5 hxg5+ 57. Kxg5 exf5 58. Kxf5 Ne3+ 59. Kf4
Nc2 60. e6+ Kxe6 61. Bxg7 Kf7 62. Be5 Nb4 63. Kg5 Nd3 64. Bb8 Nc5 65. Bxa7 Nxa4
66. h6 d4 67. Kf4 Kg6 68. Bb8 Kxh6 69. Bc7 Nc3 70. Be5 Nxb5 71. Ke4 1/2-1/2

[Event "European Youth Chess Championship G16"]
[Site "Prague, Top Hotel Prague"]
[Date "2016.08.19"]
[Round "2.18"]
[White "Novotna, Tereza"]
[Black "Polterauer, Chiara"]
[Result "0-1"]
[WhiteElo "1566"]
[BlackElo "2009"]
[PlyCount "74"]
[EventDate "2016.08.18"]

1. d4 d5 2. c4 e6 3. Nc3 Nf6 4. Bg5 Be7 5. Nf3 h6 6. Bh4 O-O 7. e3 b6 8. cxd5
Nxd5 9. Nxd5 exd5 10. Bg3 Bb4+ 11. Nd2 c5 12. dxc5 bxc5 13. a3 Ba5 14. Rc1 Qe7
15. Be2 d4 16. b4 dxe3 17. bxa5 exd2+ 18. Qxd2 Re8 19. Qe3 Qd7 20. Qd2 Ba6 21.
Qxd7 Rxe2+ 22. Kd1 Nxd7 23. Re1 Rae8 24. Rxe2 Rxe2 25. Rc3 f6 26. Bd6 Rxf2 27.
Bxc5 Nxc5 28. Rxc5 Rxg2 29. Rc7 Be2+ 30. Ke1 a6 31. Rc6 Bb5 32. Rc8+ Kh7 33. h3
Ra2 34. Rc3 f5 35. Re3 Re2+ 36. Rxe2 Bxe2 37. Kxe2 g5 0-1

[Event "European Youth Chess Championship G16"]
[Site "Prague, Top Hotel Prague"]
[Date "2016.08.19"]
[Round "2.19"]
[White "Koehler, Inken"]
[Black "Manova, Ivana"]
[Result "1-0"]
[WhiteElo "2008"]
[BlackElo "1792"]
[PlyCount "115"]
[EventDate "2016.08.18"]

1. e4 e5 2. Nf3 Nc6 3. d4 exd4 4. Nxd4 Nf6 5. Nxc6 bxc6 6. Qe2 Qe7 7. Nc3 d5 8.
exd5 cxd5 9. Qxe7+ Bxe7 10. Nb5 Kd7 11. Bf4 Bb4+ 12. c3 Re8+ 13. Be2 Ba5 14.
Be3 Bb6 15. Nd4 c6 16. O-O-O Kc7 17. Rhe1 Bg4 18. Bf4+ Kd7 19. f3 Bh5 20. Bg3
Bg6 21. Ba6 Rxe1 22. Rxe1 Re8 23. Rxe8 Nxe8 24. Kd2 Nd6 25. Bxd6 Bxd4 26. Bf8
Be5 27. g3 Bb1 28. a4 Kc7 29. Bc5 Kb8 30. f4 Bc7 31. b4 Bb6 32. Bd6+ Bc7 33.
Bf8 g6 34. a5 Bf5 35. Bc5 Ka8 36. Ke3 Kb8 37. Kd4 Ka8 38. Be7 Kb8 39. Kc5 Bd7
40. Bd6 h5 41. Be7 Ka8 42. b5 cxb5 43. Bxb5 Be6 44. Bc6+ Kb8 45. Bd6 d4 46.
cxd4 Kc8 47. Bxc7 Kxc7 48. Bd5 Kd7 49. Bxe6+ fxe6 50. d5 Ke7 51. d6+ Kd8 52.
Kc6 a6 53. h4 Kc8 54. d7+ Kd8 55. Kd6 e5 56. fxe5 g5 57. Ke6 g4 58. Kf7 1-0

[Event "European Youth Chess Championship G16"]
[Site "Prague, Top Hotel Prague"]
[Date "2016.08.19"]
[Round "2.21"]
[White "Brunova, Blanka"]
[Black "Espinosa, Cancino Monica"]
[Result "1-0"]
[WhiteElo "1992"]
[BlackElo "1682"]
[PlyCount "101"]
[EventDate "2016.08.18"]

1. e4 c5 2. Nf3 d6 3. d4 cxd4 4. Qxd4 Nc6 5. Bb5 Bd7 6. Qd3 Nf6 7. c4 a6 8.
Bxc6 Bxc6 9. Nc3 g6 10. O-O Bg7 11. h3 O-O 12. Be3 Rc8 13. Rac1 Qa5 14. Nd4 Nd7
15. Nd5 Bxd5 16. exd5 Ne5 17. Qb3 Qc7 18. a3 Nd7 19. Qa2 Qb8 20. b4 Rc7 21. b5
Bxd4 22. Bxd4 axb5 23. cxb5 Rfc8 24. Qd2 Qa8 25. Rcd1 Nf8 26. b6 Rd7 27. f4 Qa4
28. Rc1 Rc4 29. Bb2 Qb5 30. Rxc4 Qxc4 31. Rc1 Qb5 32. Qd4 f6 33. Rc8 Qa5 34.
Kh2 Kf7 35. Qc4 Qxb6 36. Bd4 Qa5 37. Bc3 Qb6 38. Qa4 Qe3 39. Bb2 b5 40. Qa8
Qxf4+ 41. Kg1 Qe3+ 42. Kh1 Qh6 43. Qc6 Qd2 44. Qxb5 Kg7 45. Qb8 Qxd5 46. Rxf8
Rb7 47. Rg8+ Kf7 48. Qf8+ Ke6 49. Qc8+ Kf7 50. Rh8 Qd1+ 51. Kh2 1-0

[Event "European Youth Chess Championship G16"]
[Site "Prague, Top Hotel Prague"]
[Date "2016.08.19"]
[Round "2.22"]
[White "Kochukova, Anna"]
[Black "Manitcaia, Alina"]
[Result "1-0"]
[WhiteElo "2041"]
[BlackElo "1496"]
[PlyCount "109"]
[EventDate "2016.08.18"]

1. e4 d6 2. d4 Nf6 3. Nc3 e5 4. Nge2 Be7 5. f3 Bd7 6. Be3 exd4 7. Nxd4 Nc6 8.
Qd2 Ne5 9. Be2 c6 10. a4 a6 11. a5 Qc7 12. Na4 c5 13. Nb3 Bb5 14. Nb6 Rb8 15.
O-O O-O 16. Rfd1 Rfd8 17. c4 Bc6 18. Nc1 Nfd7 19. f4 Ng6 20. Nd5 Bxd5 21. cxd5
Rdc8 22. Bg4 Bf6 23. Ra2 Re8 24. Qc2 b5 25. axb6 Rxb6 26. Ne2 Rb4 27. Ng3 Nb6
28. b3 Qb7 29. Be2 Nd7 30. Bxa6 Qb6 31. Bc4 Qc7 32. Ra6 Nb6 33. Nh5 Nxc4 34.
Nxf6+ gxf6 35. bxc4 Qe7 36. Bd2 Rb7 37. Re1 Reb8 38. Bc1 Qc7 39. Qc3 Qe7 40.
Qg3 Rb3 41. Qg4 Kh8 42. Rc6 Rg8 43. Rc8 Rb8 44. Rxb8 Rxb8 45. Bd2 Rg8 46. Qh3
Re8 47. g3 Rg8 48. Kh1 Re8 49. Bc3 Kg7 50. Qg4 Kf8 51. h4 Rb8 52. h5 Nh8 53.
Qf5 Kg7 54. h6+ Kg8 55. Bxf6 1-0

[Event "European Youth Chess Championship G16"]
[Site "Prague, Top Hotel Prague"]
[Date "2016.08.19"]
[Round "2.23"]
[White "Nepomnyaschaya, Mariya"]
[Black "Broly, Mathilde"]
[Result "0-1"]
[WhiteElo "1569"]
[BlackElo "2098"]
[PlyCount "74"]
[EventDate "2016.08.18"]

1. e4 e6 2. d3 d5 3. Nd2 c5 4. g3 Nc6 5. c3 g6 6. Qc2 Bg7 7. Bg2 Nge7 8. f4 b5
9. Ngf3 O-O 10. O-O Qb6 11. Kh1 a5 12. g4 a4 13. Nh4 b4 14. f5 f6 15. Qd1 Qa5
16. exd5 g5 17. dxc6 gxh4 18. Nc4 Qa7 19. Nd6 Qc7 20. Nxc8 Qxc8 21. Qe1 Nxc6
22. Qxh4 a3 23. fxe6 Ne5 24. e7 Rf7 25. Bd5 Ra7 26. g5 f5 27. Rxf5 Raxe7 28.
Qf4 Qd7 29. Bxf7+ Nxf7 30. Rxc5 Re1+ 31. Kg2 Qxd3 32. Rc8+ Bf8 33. Qf3 Rg1+ 34.
Kxg1 Qxf3 35. cxb4 Qg4+ 36. Kf1 Qxc8 37. bxa3 Qc3 0-1

[Event "European Youth Chess Championship G16"]
[Site "Prague, Top Hotel Prague"]
[Date "2016.08.19"]
[Round "2.24"]
[White "Tumova, Anna"]
[Black "Stashis, Anna"]
[Result "0-1"]
[WhiteElo "1787"]
[BlackElo "1926"]
[PlyCount "68"]
[EventDate "2016.08.18"]

1. e4 c5 2. Nf3 g6 3. d4 cxd4 4. Nxd4 Nc6 5. c4 Nf6 6. Nc3 Bg7 7. Be3 Ng4 8.
Qxg4 Nxd4 9. Bd3 d5 10. Qd1 dxe4 11. Bxe4 O-O 12. O-O Kh8 13. Qd2 Nc6 14. Rad1
Be6 15. Nd5 Ne5 16. b3 Bxd5 17. Bxd5 Qc7 18. Bd4 e6 19. Be4 Rfd8 20. Qc3 f5 21.
Bxb7 Rab8 22. Ba6 Rxd4 23. Rxd4 Nc6 24. Rfd1 Nxd4 25. Rxd4 Qe5 26. c5 Qxd4 27.
Qc2 Rd8 28. Kf1 Qd1+ 29. Qxd1 Rxd1+ 30. Ke2 Rc1 31. b4 Rc2+ 32. Ke3 Rxa2 33. b5
Be5 34. f4 Ra3+ 0-1

[Event "European Youth Chess Championship G16"]
[Site "Prague, Top Hotel Prague"]
[Date "2016.08.19"]
[Round "2.25"]
[White "Greibrokk, Ingrid"]
[Black "Kopcova, Ludmila"]
[Result "1-0"]
[WhiteElo "1912"]
[BlackElo "1738"]
[PlyCount "73"]
[EventDate "2016.08.18"]

1. e4 e5 2. Nf3 Nc6 3. Bb5 a6 4. Ba4 Nf6 5. d3 d6 6. c4 g6 7. O-O Bg7 8. Nc3
O-O 9. Bxc6 bxc6 10. d4 exd4 11. Nxd4 Bd7 12. Re1 Re8 13. f3 Qb8 14. Kh1 a5 15.
Rb1 Qb7 16. c5 Kh8 17. Bg5 d5 18. e5 Ng8 19. Bf4 Qb4 20. a3 Qxc5 21. Na4 Qe7
22. Rc1 Qd8 23. Nc5 Rb8 24. e6 fxe6 25. Ncxe6 Bxe6 26. Nxe6 Qf6 27. Rxc6 Rxe6
28. Rcxe6 Qxf4 29. Qxd5 Nf6 30. Qxa5 h6 31. b4 Rd8 32. Qc5 Rd2 33. Re7 Ra2 34.
Rxc7 Qd2 35. Rg1 Nh5 36. Qc4 g5 37. Qf7 1-0

[Event "European Youth Chess Championship G16"]
[Site "Prague, Top Hotel Prague"]
[Date "2016.08.19"]
[Round "2.26"]
[White "Sliwicka, Alicja"]
[Black "Waardenburg, Feline"]
[Result "1-0"]
[WhiteElo "2138"]
[BlackElo "1559"]
[PlyCount "73"]
[EventDate "2016.08.18"]

1. e4 c5 2. Nf3 Nc6 3. d4 cxd4 4. Nxd4 g6 5. c4 Bg7 6. Be3 Nf6 7. Nc3 O-O 8.
Be2 d6 9. f3 Nxd4 10. Bxd4 Bd7 11. O-O Bc6 12. Rc1 Nd7 13. Bf2 a5 14. b3 Nc5
15. Qd2 Be5 16. Rfd1 e6 17. Nb5 Bxb5 18. cxb5 Rc8 19. Rc4 b6 20. f4 d5 21. exd5
exd5 22. Qxd5 Qxd5 23. Rxd5 Bg7 24. Rd6 Rfe8 25. Bf3 Rb8 26. Bxc5 bxc5 27. b6
Re6 28. Rxe6 fxe6 29. b7 Bf8 30. Ra4 Bd6 31. Rxa5 Bxf4 32. Ra8 Kf7 33. a4 Re8
34. a5 Bb8 35. a6 e5 36. Rxb8 Rxb8 37. a7 1-0

[Event "European Youth Chess Championship G16"]
[Site "Prague, Top Hotel Prague"]
[Date "2016.08.19"]
[Round "2.27"]
[White "Shpanko, Nadiia"]
[Black "Mutlu, Beste"]
[Result "1-0"]
[WhiteElo "2102"]
[BlackElo "1759"]
[PlyCount "57"]
[EventDate "2016.08.18"]

1. e4 c5 2. Nf3 d6 3. d4 cxd4 4. Nxd4 Nf6 5. Nc3 g6 6. Be3 Bg7 7. Qd2 a6 8. f3
Nbd7 9. g4 b5 10. g5 Nh5 11. Nce2 Bb7 12. Ng3 Nxg3 13. hxg3 Ne5 14. O-O-O Rc8
15. Rh4 Qc7 16. Be2 Nc4 17. Bxc4 bxc4 18. c3 Qa5 19. Kb1 d5 20. Rdh1 dxe4 21.
Rxh7 Rg8 22. Rxg7 Rxg7 23. Nc6 Rg8 24. Nxa5 Ba8 25. f4 e6 26. Qd4 Bd5 27. Qa7
Ra8 28. Qc7 Rd8 29. Bb6 1-0

[Event "European Youth Chess Championship G16"]
[Site "Prague, Top Hotel Prague"]
[Date "2016.08.19"]
[Round "2.28"]
[White "Ciocan, Maria-Alexandra"]
[Black "Henderson, de La Fuente Andrea"]
[Result "0-1"]
[WhiteElo "1742"]
[BlackElo "2027"]
[PlyCount "80"]
[EventDate "2016.08.18"]

1. e4 d6 2. d4 Nf6 3. Nc3 e5 4. Nf3 Nbd7 5. Rg1 exd4 6. Nxd4 Nc5 7. Qe2 a5 8.
g4 Qe7 9. f3 g6 10. g5 Nfd7 11. Nd5 Qd8 12. Nb5 Na6 13. Bd2 Bg7 14. Bxa5 b6 15.
Bc3 O-O 16. Bxg7 Kxg7 17. Nbc3 c6 18. Ne3 b5 19. Qf2 Qb6 20. h4 d5 21. O-O-O b4
22. Ne2 Qa5 23. Kb1 Nac5 24. Nc1 dxe4 25. Nc4 Qc7 26. Qd4+ Kg8 27. fxe4 Qf4 28.
Bg2 Qxh4 29. Bf3 Qf4 30. Rdf1 Ne6 31. Qd6 Qxd6 32. Nxd6 Ba6 33. Rf2 $11 Ne5 34.
Be2 Rfd8 35. Rd1 Bxe2 36. Rxe2 Rd7 37. Red2 Rad8 38. Nb3 Kf8 39. Nc4 Rxd2 40.
Rxd2 Nxc4 0-1

[Event "European Youth Chess Championship G16"]
[Site "Prague, Top Hotel Prague"]
[Date "2016.08.19"]
[Round "2.29"]
[White "Bierska, Adela"]
[Black "Hrescak, Ivana"]
[Result "0-1"]
[WhiteElo "1722"]
[BlackElo "2007"]
[PlyCount "65"]
[EventDate "2016.08.18"]

1. e4 c5 2. d4 cxd4 3. c3 d5 4. exd5 Qxd5 5. cxd4 Nc6 6. Nf3 Bg4 7. Be2 e6 8.
Nc3 Qd6 9. O-O Nf6 10. h3 Bh5 11. Nb5 Qb8 12. Ne5 Bxe2 13. Qxe2 a6 14. Nxc6
bxc6 15. Nc3 Be7 16. Bg5 O-O 17. Ne4 Nd5 18. Bxe7 Nxe7 19. Nc5 Qb5 20. Qc2 Rad8
21. Rfd1 Nf5 22. Qc3 Rd5 23. Rac1 a5 24. a4 Qb6 25. Rd3 h6 26. Nb3 Ne7 27. Qc4
Rfd8 28. Rc2 Kf8 29. Nc5 Nf5 30. Rb3 Qc7 31. Na6 Qd6 32. Nc5 Rxd4 33. Qxd4 0-1

[Event "European Youth Chess Championship G16"]
[Site "Prague, Top Hotel Prague"]
[Date "2016.08.19"]
[Round "2.30"]
[White "Nazarova, Anastasia"]
[Black "Vitova, Anna"]
[Result "1-0"]
[WhiteElo "2006"]
[BlackElo "1727"]
[PlyCount "63"]
[EventDate "2016.08.18"]

1. e4 c5 2. Nf3 d6 3. d4 cxd4 4. Nxd4 Nf6 5. Nc3 a6 6. Be3 Ng4 7. Bc1 Nf6 8. f3
e6 9. Be3 Be7 10. Qd2 Bd7 11. g4 Nc6 12. O-O-O O-O 13. h4 b5 14. g5 Nh5 15.
Nxc6 Bxc6 16. Rg1 g6 17. Bh3 b4 18. Ne2 a5 19. Kb1 Rb8 20. Nd4 Bd7 21. Bg4 Ng7
22. Ne2 a4 23. Rh1 b3 24. cxb3 axb3 25. a3 Qc8 26. Nc3 e5 27. Nd5 Bd8 28. Rc1
Qb7 29. Nf6+ Bxf6 30. gxf6 Ne6 31. Bxe6 Bxe6 32. Ba7 1-0

[Event "European Youth Chess Championship G16"]
[Site "Prague, Top Hotel Prague"]
[Date "2016.08.19"]
[Round "2.31"]
[White "Urbanc, Ana"]
[Black "Limanovska, Elizabete"]
[Result "0-1"]
[WhiteElo "1681"]
[BlackElo "1924"]
[PlyCount "102"]
[EventDate "2016.08.18"]

1. e4 c5 2. Nf3 d6 3. d4 cxd4 4. Nxd4 Nf6 5. Nc3 a6 6. Be2 e5 7. Nb3 Be7 8. O-O
Be6 9. Kh1 Nbd7 10. f4 exf4 11. Bxf4 Ne5 12. Nd4 O-O 13. Bxe5 dxe5 14. Nxe6
fxe6 15. Qxd8 Raxd8 16. Bc4 Rd6 17. Rad1 Rc6 18. Bd3 Bb4 19. Nb1 Rd8 20. a3 Bc5
21. h3 Be3 22. Rde1 Bf4 23. Rf3 Nd7 24. b4 Nb6 25. Ref1 Nc4 26. g3 Bg5 27. h4
Bh6 28. Kg2 Ne3+ 29. Rxe3 Bxe3 30. Kf3 Bh6 31. Ke2 b5 32. Rf2 g6 33. Nd2 Rc3
34. Nb1 Rc7 35. Rf1 Kg7 36. Nd2 Rxc2 37. Bxc2 Rxd2+ 38. Ke1 Rxc2 39. Rf3 Rc4
40. Rd3 Rd4 41. Rf3 Rxe4+ 42. Kf2 Rc4 43. Rd3 Rc6 44. Rd7+ Kg8 45. g4 Bf8 46.
Rd3 Rc4 47. Kg3 a5 48. bxa5 Ra4 49. Re3 Rxa3 50. Rxa3 Bxa3 51. a6 Bc5 0-1

[Event "European Youth Chess Championship G16"]
[Site "Prague, Top Hotel Prague"]
[Date "2016.08.19"]
[Round "2.32"]
[White "Imperor, Amelie"]
[Black "Vavrinkova, Eliska"]
[Result "1-0"]
[WhiteElo "1874"]
[BlackElo "1716"]
[PlyCount "47"]
[EventDate "2016.08.18"]

1. e4 d5 2. exd5 Qxd5 3. Nc3 Qd6 4. d4 a6 5. Nf3 Nf6 6. g3 Bg4 7. Bg2 Nc6 8.
O-O O-O-O 9. d5 Nb4 10. h3 Bh5 11. Bf4 Qb6 12. Na4 Qa5 13. c4 Nfxd5 14. cxd5
Rxd5 15. Qc1 Nd3 16. Qc4 Nxf4 17. gxf4 e6 18. Ne5 Rb5 19. a3 Bd6 20. Rac1 Rd8
21. Qc2 c5 22. b4 Qc7 23. Nc3 Rb6 24. Nc4 1-0

[Event "European Youth Chess Championship G16"]
[Site "Prague, Top Hotel Prague"]
[Date "2016.08.19"]
[Round "2.33"]
[White "Gailiunaite, Saule"]
[Black "Markocic, Spela"]
[Result "1/2-1/2"]
[WhiteElo "1844"]
[BlackElo "1680"]
[PlyCount "90"]
[EventDate "2016.08.18"]

1. d4 Nf6 2. c4 e6 3. Nc3 Bb4 4. Qc2 O-O 5. a3 Bxc3+ 6. Qxc3 b6 7. Bg5 Bb7 8.
e3 h6 9. Bh4 d6 10. Ne2 Nbd7 11. Qc2 c5 12. Rd1 Qc7 13. Nc3 d5 14. Bg3 Qc6 15.
cxd5 exd5 16. Bb5 Qe6 17. dxc5 bxc5 18. O-O Rac8 19. Qa4 a6 20. Bxd7 Nxd7 21.
Qb3 Nb6 22. Na4 Rc6 23. Nxb6 Rxb6 24. Qc3 Qc6 25. f3 Re8 26. Bf2 Ba8 27. Rd2
Reb8 28. Rc1 c4 29. e4 Rb3 30. Qd4 dxe4 31. Rxc4 Qe6 32. fxe4 Rxb2 33. Rxb2
Rxb2 34. Qxb2 Qxc4 35. Bd4 Kh7 36. h3 f6 37. e5 fxe5 38. Bxe5 Qe4 39. Bxg7
Qxg2+ 40. Qxg2 Bxg2 41. Kxg2 Kxg7 42. Kg3 h5 43. Kf3 Kf6 44. Kf4 Kg6 45. a4 a5
1/2-1/2

[Event "European Youth Chess Championship G16"]
[Site "Prague, Top Hotel Prague"]
[Date "2016.08.19"]
[Round "2.34"]
[White "Tomcikova, Zuzana"]
[Black "Yurovskikh, Yasmin"]
[Result "0-1"]
[WhiteElo "1654"]
[BlackElo "1842"]
[PlyCount "45"]
[EventDate "2016.08.18"]

1. e4 e5 2. Nf3 Nc6 3. Bc4 Nf6 4. Ng5 d5 5. exd5 Na5 6. Bb5+ c6 7. dxc6 bxc6 8.
Bd3 Be7 9. Nc3 Nd5 10. Nge4 Nf4 11. Bf1 O-O 12. d3 f5 13. Ng3 Bd6 14. Qf3 Bb7
15. Bd2 c5 16. Qd1 Nxg2+ 17. Bxg2 Bxg2 18. Rg1 Bh3 19. Qe2 Nc6 20. Qf3 e4 21.
dxe4 Ne5 22. Qe2 Bg4 23. f4 0-1